<?xml version="1.0" encoding="UTF-8"?><?xml-stylesheet type="text/xsl" href="static/style.xsl"?><OAI-PMH xmlns="http://www.openarchives.org/OAI/2.0/" xmlns:xsi="http://www.w3.org/2001/XMLSchema-instance" xsi:schemaLocation="http://www.openarchives.org/OAI/2.0/ http://www.openarchives.org/OAI/2.0/OAI-PMH.xsd"><responseDate>2026-04-17T06:18:33Z</responseDate><request verb="GetRecord" identifier="oai:www.recercat.cat:10230/41739" metadataPrefix="marc">https://recercat.cat/oai/request</request><GetRecord><record><header><identifier>oai:recercat.cat:10230/41739</identifier><datestamp>2025-12-24T08:33:21Z</datestamp><setSpec>com_2072_6</setSpec><setSpec>col_2072_452952</setSpec></header><metadata><record xmlns="http://www.loc.gov/MARC21/slim" xmlns:dcterms="http://purl.org/dc/terms/" xmlns:xsi="http://www.w3.org/2001/XMLSchema-instance" xmlns:doc="http://www.lyncode.com/xoai" xsi:schemaLocation="http://www.loc.gov/MARC21/slim http://www.loc.gov/standards/marcxml/schema/MARC21slim.xsd">
   <leader>00925njm 22002777a 4500</leader>
   <datafield ind2=" " ind1=" " tag="042">
      <subfield code="a">dc</subfield>
   </datafield>
   <datafield ind2=" " ind1=" " tag="720">
      <subfield code="a">Millares, Laura</subfield>
      <subfield code="e">author</subfield>
   </datafield>
   <datafield ind2=" " ind1=" " tag="720">
      <subfield code="a">Barreiro Portela, Esther</subfield>
      <subfield code="e">author</subfield>
   </datafield>
   <datafield ind2=" " ind1=" " tag="720">
      <subfield code="a">Cortes, Roldan</subfield>
      <subfield code="e">author</subfield>
   </datafield>
   <datafield ind2=" " ind1=" " tag="720">
      <subfield code="a">Martínez-Romero, Anabel</subfield>
      <subfield code="e">author</subfield>
   </datafield>
   <datafield ind2=" " ind1=" " tag="720">
      <subfield code="a">Balcells Nadal, Cristina</subfield>
      <subfield code="e">author</subfield>
   </datafield>
   <datafield ind2=" " ind1=" " tag="720">
      <subfield code="a">Cascante Serratosa, Marta</subfield>
      <subfield code="e">author</subfield>
   </datafield>
   <datafield ind2=" " ind1=" " tag="720">
      <subfield code="a">Enguita, Ana Belen</subfield>
      <subfield code="e">author</subfield>
   </datafield>
   <datafield ind2=" " ind1=" " tag="720">
      <subfield code="a">Álvarez, Carlos</subfield>
      <subfield code="e">author</subfield>
   </datafield>
   <datafield ind2=" " ind1=" " tag="720">
      <subfield code="a">Rami-Porta, Ramón</subfield>
      <subfield code="e">author</subfield>
   </datafield>
   <datafield ind2=" " ind1=" " tag="720">
      <subfield code="a">Sánchez de Cos, Julio</subfield>
      <subfield code="e">author</subfield>
   </datafield>
   <datafield ind2=" " ind1=" " tag="720">
      <subfield code="a">Seijo, Luis</subfield>
      <subfield code="e">author</subfield>
   </datafield>
   <datafield ind2=" " ind1=" " tag="720">
      <subfield code="a">Monsó Molas, Eduard</subfield>
      <subfield code="e">author</subfield>
   </datafield>
   <datafield ind2=" " ind1=" " tag="720">
      <subfield code="a">Grupo Colaborativo en Cáncer de Pulmón CIBERES-CIBERONC-SEPAR-Plataforma Biobanco Pulmonar</subfield>
      <subfield code="e">author</subfield>
   </datafield>
   <datafield ind2=" " ind1=" " tag="260">
      <subfield code="c">2019-06-12T07:28:24Z</subfield>
   </datafield>
   <datafield ind2=" " ind1=" " tag="260">
      <subfield code="c">2018</subfield>
   </datafield>
   <datafield ind2=" " ind1=" " tag="520">
      <subfield code="a">INTRODUCTION: Non-small cell lung cancer (NSCLC) patients diagnosed in early stage and surgically-treated have five-year mortality rate &amp;gt;20%. The identification of biomarkers able to predict progression and death may help to identify patients needing closer follow-up. METHODS: A retrospective cohort of early-stage surgically-treated NSCLC patients enrolled in the International Association for the Study of Lung Cancer (IASLC) Staging Project was created, and tissue Microarrays (TMAs) were constructed with tumor and non-tumor lung tissue. Pentose phosphate pathway (PPP) proteins (transketolase [TKT] and transketolase-like 1 [TKTL1]), inflammatory markers (cyclooxygenase-2 [COX-2], tumor necrosis factor alpha [TNF-α], interleukin 1 beta [IL1β], nuclear factor kappa-light-chain-enhancer of activated B cells [NFκB]-p65 and antigen Ki-67), and programmed death-ligand 1 (PDL1) were measured by immunohistochemistry. RESULTS: NSCLC patients with adenocarcinoma (ADC) or squamous cell carcinoma (SCC) were included in the study (n = 199). TKT and TKTL1 were significantly higher in ADC than in non-tumor tissue (p &amp;lt; 0.001). Higher values were also observed in NSCLC for all the inflammatory markers, with figures &amp;gt;30% above those of non-tumor tissue (p &amp;lt; 0.001). PDL1 analysis showed a higher percentage of positivity in ADC than in non-tumor tissue (p &amp;lt; 0.001). Multivariate Cox proportional hazards modeling confirmed that high IL1β level in tumor tissue was independently associated with 3-year mortality in NSCLC [HR = 2.05, 95% CI (1.1-3.7), p = 0.019], a relationship driven by ADC subtype. CONCLUSION: This study confirms an increase in metabolic activity and an inflammatory response in tumor tissue of early stage NSCLC, and a significant relationship between high levels of IL1β in the tumor and poor prognosis in ADC.</subfield>
   </datafield>
   <datafield ind2=" " ind1=" " tag="520">
      <subfield code="a">This study was funded by PII Oncología Torácica from Sociedad Española de Neumología y Cirugía Torácica (SEPAR), FIS 12/02040, FIS 12/02534 and FIS 12/01310 from the Instituto de Salud Carlos III and Centro de Investigación Biomédica en Red de Enfermedades Respiratorias (CIBERES). CIBERES is an initiative of the Instituto de Salud Carlos III. This work was also supported by grants to E.M. and M.C. from Agència de Gestió d&amp;apos;Ajuts Universitaris i de Recerca (AGAUR)—Generalitat de Catalunya, (2014 GRC-801/2017 GRC-716 and 2014 SGR-1017/2017 SGR-1033), ICREA Foundation (ICREA Academia) and MINECO from the Spanish Government and FEDER funds (SAF2014‐56059‐R, SAF2015‐70270‐REDT, SAF2017-89673-R, European Commission FEDER—Una manera de hacer Europa), and to C.B. from AGAUR-Generalitat de Catalunya (FI-DGR2014). M.C. also received support from CB17/04/00023 from the Instituto de Salud Carlos III and Centro de Investigación Biomédica en Red de Enfermedades Hepáticas y Digestivas (CIBERHD). CIBERHD is an initiative of the Instituto de Salud Carlos III. Financial support was also provided by the European Regional Development Fund (ERDF) and CERCA Programme / Generalitat de Catalunya.</subfield>
   </datafield>
   <datafield tag="653" ind2=" " ind1=" ">
      <subfield code="a">Early-stage</subfield>
   </datafield>
   <datafield tag="653" ind2=" " ind1=" ">
      <subfield code="a">IL1β</subfield>
   </datafield>
   <datafield tag="653" ind2=" " ind1=" ">
      <subfield code="a">Inflammation</subfield>
   </datafield>
   <datafield tag="653" ind2=" " ind1=" ">
      <subfield code="a">NSCLC</subfield>
   </datafield>
   <datafield tag="653" ind2=" " ind1=" ">
      <subfield code="a">PDL1</subfield>
   </datafield>
   <datafield tag="653" ind2=" " ind1=" ">
      <subfield code="a">Pentose phosphate pathway</subfield>
   </datafield>
   <datafield tag="653" ind2=" " ind1=" ">
      <subfield code="a">Prognosis</subfield>
   </datafield>
   <datafield ind2="0" ind1="0" tag="245">
      <subfield code="a">Tumor-associated metabolic and inflammatory responses in early stage non-small cell lung cancer: Local patterns and prognostic significance</subfield>
   </datafield>
</record></metadata></record></GetRecord></OAI-PMH>